Countries bordering these... - Statistics

General Stats
  • This quiz has been taken 37 times
  • The average score is 5 of 5
Answer Stats
Hint Answer % Correct
China and South Korea North Korea
100%
Finland and Sweden Norway
100%
Panama and Nicaragua Costa Rica
91%
Columbia and Peru Ecuador
91%
Mozambique and South Africa Eswatini
84%
No matching quizzes found
Score Distribution
Percent of People with Each Score
Percentile by Number Answered
Your Score History
You have not taken this quiz